¡Gracias a Dios es viernes! (Registro nro. 240019)

Detalles MARC
000 -ENCABEZADO
Número de control [NR] 02338 a2200349 4500
005 - FECHA Y HORA DE LA ÚLTIMA TRANSACCIÓN
control field 20140904103518.0
008 - DE LONGITUD FIJA DE DATOS DE ELEMENTOS - INFORMACIÓN GENERAL
Elementos de longitud fija [NR] 140304s1978 bl g 0| m mul d
040 ## - FUENTE DE CATALOGACION [NR]
Agencia de catalogación original [NR] CO-BoUCM
Idioma de catalogación [NR] spa
Quien Cataloga Jose A. Gerena (modificó)
Quien Clasifica [Nuevo]
041 ## - CODIGO DE IDIOMA [R]
Código de idioma para texto/pista de sonido o título separado [R] Inglés
041 ## - CODIGO DE IDIOMA [R]
Código de idioma para texto/pista de sonido o título separado [R] Portugués
092 ## - SIGNATURA TOPOGRAFICA LOCAL
Número de clasificación local DVD 1336
245 00 - MENCION DE TITULO [NR]
Título [NR] ¡Gracias a Dios es viernes!
Mención de responsabilidad, etc. [NR] Robert Klane, director
Medio físico [NR] [DVD]
246 13 - FORMA VARIANTE DEL TITULO [R]
Título propiamente dicho/forma breve del título [NR] ¡Por fin, ya es viernes!
260 ## - PUBLICACION, DISTRIBUCION, ETC. (PIE DE IMPRENTA) [R]
Lugar de publicación, distribución, etc. [R] Barueri (San Pablo, Brasil)
Nombre del editor, distribuidor, etc. [R] Columbia Pictures
Fecha de publicación, distribución, etc. [R] 1978
300 ## - DESCRIPCION FISICA [R]
Extensión [R] 1 DVD, 89 minutos
Otros detalles físicos [NR] imagen, sonido, color
500 ## - NOTA GENERAL [R]
Nota general [NR] SINOPSIS: La película se lleva a cabo en una sola noche en el club de moda, es la divertida historia de una diva que intenta que un DJ toque su canción; dos adolescentes reinas de la música disco quieren demostrar que tienen talento; una buena chica en busca del señor perfecto; el inmoral dueño del lugar hará lo posible por conseguir a una mujer; y un gran concurso de baile con gran música, baile, moda y todo el deleite de la moda disco [Tomado de la fuente]
508 ## - NOTA DE CREDITOS DE CREACION/PRODUCCION [R]
Nota de créditos de creación/producción [NR] CRÉDITOS: Dirigida por Robert Klane ; escrita por Armyan Bernstein ; fotografía por James Crabe ; diseño de producción por Tom H. John ; ambientación por Jeff Haley ; vestuario por Betsy Jones ; maquillaje por Stephen Gautier ; efectos especiales por Russel Hessey
511 0# - NOTA DE PARTICIPANTE O INTERPRETE [R]
Nota de participante o intérprete [NR] REPARTO: Valerie Landsburg, Terri Nunn, Chick Vennera, Donna Summer, Ray Vitte, Mark Lonow, Andrea Howard, Jeff Goldblum, Robin Menken, Debra Winger
546 ## - NOTA DE IDIOMA [R]
Nota de idioma [NR] Audio en inglés y portugués. Subtítulos en inglés, portugués, español y japonés
586 ## - NOTA DE PREMIOS [R]
Nota de premios [NR] Ganadora de un premio de la Academia, 1979 (mejor música-canción original)
586 ## - NOTA DE PREMIOS [R]
Nota de premios [NR] Ganadora de un premio Golden Globes, 1979 (mejor canción original de película)
650 #7 - ASIENTO SECUNDARIO DE MATERIA - TERMINO TEMATICO [R]
9 (RLIN) 51326
Término temático o nombre geográfico como elemento de entrada [NR] Películas cinematográficas
Subdivisión de forma [R] DVD
Subdivisión geográfica [R] Estados Unidos
650 #7 - ASIENTO SECUNDARIO DE MATERIA - TERMINO TEMATICO [R]
9 (RLIN) 57074
Término temático o nombre geográfico como elemento de entrada [NR] Películas musicales
Subdivisión de forma [R] DVD
690 ## - ASUNTO AGREGADO LOCAL DE ENTRADA - TÉRMINO TEMÁTICO (OCLC, RLIN)
9 (RLIN) 42805
Acceso temático local Entretenimiento
700 1# - ASIENTO SECUNDARIO - NOMBRE PERSONAL [R]
Nombre personal [NR] Klane, Robert
Término de relación [R] director
9 (RLIN) 57913
710 2# - ASIENTO SECUNDARIO - NOMBRE CORPORATIVO [R]
Nombre corporativo o de jurisdicción como elemento de entrada [NR] Columbia Pictures
9 (RLIN) 51621
710 2# - ASIENTO SECUNDARIO - NOMBRE CORPORATIVO [R]
Nombre corporativo o de jurisdicción como elemento de entrada [NR] Casablanca Filmworks
9 (RLIN) 57914
710 2# - ASIENTO SECUNDARIO - NOMBRE CORPORATIVO [R]
Nombre corporativo o de jurisdicción como elemento de entrada [NR] Motown Productions
9 (RLIN) 57915
765 0# - ASIENTO DE IDIOMA ORIGINAL [R]
Título [NR] Thank god its friday
856 40 - LOCALIZACION Y ACCESO ELECTRONICOS [R]
Identificador Uniforme del Recurso (“URI”) [R] <a href="https://www.youtube.com/watch?v=50Av0hyJul8">https://www.youtube.com/watch?v=50Av0hyJul8</a>
Nota dirigida al público [R] Siga este enlace para ver el trailer
-- Trailer tomado del canal CasablancaBookTV vía YouTube.com
942 ## - ELEMENTOS DE ENTRADA AGREGADOS (KOHA)
Source of classification or shelving scheme LOCAL
Tema principal Entretenimiento
Koha item type Multimedia
Edition 1
Classification part DVD 1336
Existencias
Suprimido Perdido Sistema de clasificación Dañado No prestable Tipo de ítem específico Ubicación habitual Ubicación actual Localización Fecha de creación Proveedor Forma de adquisición Costo Signatura topográfica Código de barras Última vez visto Ejemplar Costo de reposición Price effective from Tipo de ítem Total préstamos Total Renewals Fecha de último préstamo
    LOCAL     DVD Claustro Claustro Colección digital 04/03/2014   Donación 26000.00 DVD 1336 100141083 10/12/2024 Ej.2   04/03/2014 Multimedia 2 2 24/06/2016
    LOCAL   Préstamo restringido DVD Procesos Técnicos (no para préstamo) Procesos Técnicos (no para préstamo) Procesos Técnicos 18/02/2014 12 Donación 26000.00 DVD 1336 100141082 09/12/2025 Ej.1 26000.00 18/02/2014 Multimedia